LEADER 00861nam0 2200289 450 001 000024049 005 20090306113143.0 010 $a88-15-06097-9 100 $a20090306d1997----km-y0itay50------ba 101 0 $aita 102 $aIT 105 $ay-------001yy 200 1 $aMeno ai padri, pił ai figli$eStato sociale e modernizzazione dell'Italia$fNicola Rossi 210 $aBologna$cIl mulino$d1997 215 $a92 p.$d18 cm 225 2 $aTendenze$v19 410 0$12001$aTendenze 500 10$aMeno ai padri, pił ai figli$945159 610 1 $aWelfare state 610 1 $aItalia$aPolitica sociale 676 $a361.610945$v20 700 1$aRossi,$bNicola$078139 801 0$aIT$bUNIPARTHENOPE$c20090305$gRICA$2UNIMARC 912 $a000024049 951 $a915/11$b8359$cNAVA2$d2009 996 $aMeno ai padri, pił ai figli$945159 997 $aUNIPARTHENOPE LEADER 00776nam0 2200253 450 001 000021917 005 20090122085312.0 010 $a0134454030 100 $a20090122d1972----km-y0itay50------ba 101 0 $aeng 102 $aUS 105 $aa-------001yy 200 1 $aHuman problem solving$fAllen Newell, Herbert A. Simon 210 $aEnglewood Cliffs (N.J.)$cPrentice-Hall$dc1972 215 $aXIV, 920 p.$cill.$d24 cm 500 10$aHuman problem solving$947011 610 1 $aSoluzione di problemi 700 1$aNewell,$bAllen$4070$049568 701 1$aSimon,$bHerbert A.$4070$0458148 801 0$aIT$bUNIPARTHENOPE$c20090122$gRICA$2UNIMARC 912 $a000021917 951 $aS 160/1$bS 1334$cDSA$d2008 996 $aHuman problem solving$947011 997 $aUNIPARTHENOPE